| 000 | 00543nam a22001817a 4500 | ||
|---|---|---|---|
| 005 | 20170822145524.0 | ||
| 010 | _aENG-119933 | ||
| 020 |
_a9789381016732 _c120.00 |
||
| 035 | _aEN-103465 | ||
| 037 | _bDBAB/PUB | ||
| 082 | _a280 | ||
| 100 | _aMacDonald, William | ||
| 245 |
_aThe Wonders of God / _cby William MacDonald |
||
| 260 |
_aChennai _bMoriah Ministeries _c2017 |
||
| 270 |
_aNo. 31/33, Water Tank Road, MMDA Colony Arumbakkam, _bChennai _e600106 |
||
| 300 |
_aiv,140p. _c21cm(pbk) |
||
| 942 |
_2ddc _cEN _h280 _mMAC |
||
| 999 |
_c143654 _d143654 |
||